| 000 | 01279nam0a22003011 4500 | ||
|---|---|---|---|
| 001 | v19\rc\1683890 | ||
| 005 | 20260406003115.0 | ||
| 035 | _a(NLR Aleph) 005243889 | ||
| 090 |
_a5733268 _c5733268 |
||
| 100 | _a20061002e18961896|||y0rusy50 ca | ||
| 101 | 0 | _arus | |
| 102 | _aRU | ||
| 105 | _ay z ||||| | ||
| 200 | 1 |
_aО действии трикрезола на патогенные микроорганизмы _f[Соч.] О.И. Бронштейна _g(Из Лаб. Александр. больницы в Киеве) |
|
| 210 |
_aМосква _cт-во тип. А.И. Мамонтова _dценз. 1896 |
||
| 215 |
_a9 с. _d27 |
||
| 309 | _aБез тит. л. и обл. | ||
| 311 | _aИз журн. "Мед. обозрение", № 7, 1896 | ||
| 320 | _aБиблиогр.: с. 9 | ||
| 488 | 0 |
_12001#$aМедицинское обозрение$v1896, № 7 _tМедицинское обозрение |
|
| 700 | 1 |
_8rus _7ca _aБронштейн _bО. И. _cд-р медицины _f1873-1944 _gОсип Ильич _3RU\NLR\AUTH\77112652 _995577 |
|
| 801 | 0 |
_aRU _bNLR _c20061002 _gpsbo |
|
| 801 | 0 |
_aRU _bRuMoRGB _c20061002 _2psbo |
|
| 801 | 1 |
_aRU _bProSoft-M _c20061002 _2rusmarc |
|
| 801 | 2 |
_aRU _bNLR _c20120702 _2rusmarc |
|
| 852 |
_aNLR _j18.179.1.238 |
||
| 942 | _cBOOK | ||
| 980 | _aNB | ||